01116nam a2200241 u 450000100100000000500170001000800410002702000180006804000250008608200200011124501270013124600990025826000350035730000310039250000630042350000730048650400320055965000860059165100630067765100830074070000250082370000260084800004885620201002061448.0100813s2016 dr a 000 0 spa d a9789945598070 aDO-SdBNPbspacBNPHU a956.102bM637no00a1915. El año más largo del Imperio Otomano :bel resurgir de una potencia /ceditores Öznur Seckin, Luis González.00aMil novecientos quince. El año más largo del Imperio Otomano : el resurgir de una potencia aSanto Domingo :bArgos,c2016. a286 p. :bretrs. ;c23 cm. aIncluye datos biográficos de los editores en las solapas aIncluye referencias bibliográficas y notas al pie de las páginas aBibliografía : p. 271-283 4aGuerra mundial i, 1914-1918xCampañaszTurquíavCONGRESOS, CONFERENCIAS, ETC. 4aImpério OtomanoxHistoriavCONGRESOS, CONFERENCIAS, ETC. 4aTurquíaxHistoriayIMPERIO OTOMANO, 1288-1918vCONGRESOS, CONFERENCIAS, ETC.12aSeckin, Öznureed.12aGonzález, Luiseed.